[Event "Rhein Main op-B 17th"]
[White "Ranade, Kedar"]
[Black "Paeslack, Luis"]
[Site "Bad Homburg"]
[Round "6"]
[Result "1/2-1/2"]
[Date "2014.06.21"]
[WhiteElo "1847"]
[BlackElo "1562"]
[PlyCount "90"]
[EventDate "2014.06.18"]
[EventType "swiss"]
[EventRounds "9"]
[EventCountry "GER"]
[SourceTitle "CBM 161 Extra"]
[Source "ChessBase"]
[SourceDate "2014.08.29"]
[SourceVersion "1"]
[SourceVersionDate "2014.08.29"]
[SourceQuality "1"]

1. e4 e5 2. Nf3 Nc6 3. Bc4 Bc5 4. d3 Nf6 5. Bg5 d6 6. h3 Be6 7. Bb3 0-0 8. Nc3 h6 9. Be3 Bb6 10. Ne2 Ne7 11. c3 c6 12. Ng3 Bc7 13. Nh2 Ng6 14. Bc2 d5 15. f3 Nh7 16. Qd2 Qh4 17. Bf2 Qf4 18. 0-0-0 a5 19. Ne2 Qf6 20. Ng4 Bxg4 21. hxg4 a4 22. Ng3 b5 23. Rh2 Qf4 24. Be3 Qxg3 25. Rh3 Qxh3 26. gxh3 Bd6 27. Rh1 Nh4 28. Qf2 Be7 29. Qg3 Bf6 30. f4 Ng6 31. g5 exf4 32. Bxf4 Nxf4 33. Kd1 hxg5 34. h4 Ne6 35. hxg5 Nexg5 36. e5 Be7 37. d4 g6 38. Qh2 a3 39. b3 f5 40. exf6 Rxf6 41. Qc7 Re8 42. Qd7 Kf8 43. Re1 Rd6 44. Rf1+ Nf6 45. Qc7 Kg7 1/2-1/2

[Event "Rhein Main op-B 17th"]
[White "Diener, Carolin Valeria"]
[Black "Ranade, Kedar"]
[Site "Bad Homburg"]
[Round "3"]
[Result "1/2-1/2"]
[Date "2014.06.19"]
[WhiteElo "1741"]
[BlackElo "1847"]
[PlyCount "32"]
[EventDate "2014.06.18"]
[EventType "swiss"]
[EventRounds "9"]
[EventCountry "GER"]
[SourceTitle "CBM 161 Extra"]
[Source "ChessBase"]
[SourceDate "2014.08.29"]
[SourceVersion "1"]
[SourceVersionDate "2014.08.29"]
[SourceQuality "1"]

1. e4 e5 2. Nf3 Nc6 3. Bb5 a6 4. Bxc6 dxc6 5. 0-0 Bd6 6. d4 exd4 7. Qxd4 f6 8. e5 Be7 9. Qe3 Qd5 10. exf6 Nxf6 11. Re1 Qd6 12. b3 Nd5 13. Qe2 0-0 14. Ba3 Qf6 15. Bxe7 Nxe7 16. Nbd2 Nd5 1/2-1/2

[Event "Rhein Main op-B 17th"]
[White "Ranade, Kedar"]
[Black "Schroeder, Oliver"]
[Site "Bad Homburg"]
[Round "2"]
[Result "1-0"]
[Date "2014.06.19"]
[WhiteElo "1847"]
[BlackElo "1645"]
[PlyCount "77"]
[EventDate "2014.06.18"]
[EventType "swiss"]
[EventRounds "9"]
[EventCountry "GER"]
[SourceTitle "CBM 161 Extra"]
[Source "ChessBase"]
[SourceDate "2014.08.29"]
[SourceVersion "1"]
[SourceVersionDate "2014.08.29"]
[SourceQuality "1"]

1. e4 d6 2. d4 Nf6 3. Bd3 e5 4. d5 Be7 5. Ne2 0-0 6. 0-0 c6 7. c4 Bg4 8. Nbc3 cxd5 9. exd5 Nbd7 10. f3 Bh5 11. Ng3 Bg6 12. Nf5 Nc5 13. Bc2 a6 14. b3 Re8 15. Be3 Ncd7 16. Qd2 Nh5 17. Ne2 Bxf5 18. Bxf5 Bf6 19. Rac1 g6 20. Bb1 Rc8 21. g4 Nf4 22. Nxf4 exf4 23. Bxf4 Be5 24. Be3 Qh4 25. Rf2 b5 26. Bg5 Qh3 27. Bd3 Bxh2+ 28. Rxh2 Qxf3 29. Qd1 Ne5 30. Be2 Qe4 31. Rc3 Nd7 32. Re3 Qxe3+ 33. Bxe3 Rxe3 34. Qd2 Rce8 35. Kf1 bxc4 36. Bxc4 Nc5 37. Re2 Rf3+ 38. Kg2 Rxe2+ 39. Qxe2 1-0

[Event "Rhein Main op-B 16th"]
[White "De Luna Butz, Alberto"]
[Black "Ranade, Kedar"]
[Site "Bad Homburg"]
[Round "5"]
[Result "0-1"]
[Date "2013.06.01"]
[WhiteElo "1777"]
[BlackElo "1532"]
[PlyCount "48"]
[EventDate "2013.05.29"]
[EventType "swiss"]
[EventRounds "7"]
[EventCountry "GER"]
[SourceTitle "EXT 2014"]
[Source "ChessBase"]
[SourceDate "2013.11.20"]
[SourceVersion "1"]
[SourceVersionDate "2013.11.20"]
[SourceQuality "1"]

1. d4 d5 2. Bf4 Nf6 3. e3 Bf5 4. Nf3 h6 5. c4 c6 6. Nc3 e6 7. Qb3 Qb6 8. c5 Qxb3 9. axb3 Nbd7 10. b4 Be7 11. Be2 0-0 12. 0-0 a6 13. Ra3 Nh5 14. Ne5 Nxf4 15. exf4 Nxe5 16. fxe5 f6 17. Bh5 fxe5 18. dxe5 g6 19. Bd1 g5 20. Ne2 a5 21. bxa5 Bxc5 22. Ra4 Bd3 23. b4 Be7 24. Re1 Bb5 0-1

[Event "Rhein Main op-B 15th"]
[White "Ranade, Kedar"]
[Black "Wilk, Jan"]
[Site "Bad Homburg"]
[Round "6"]
[Result "1/2-1/2"]
[Date "2012.06.09"]
[WhiteElo "1514"]
[BlackElo "1808"]
[PlyCount "114"]
[EventDate "2012.06.06"]
[EventType "swiss"]
[EventRounds "7"]
[EventCountry "GER"]
[SourceTitle "EXT 2013"]
[Source "ChessBase"]
[SourceDate "2012.11.22"]
[SourceVersion "1"]
[SourceVersionDate "2012.11.22"]
[SourceQuality "1"]

1. e4 e6 2. d4 d5 3. Nc3 Bb4 4. a3 Bxc3+ 5. bxc3 dxe4 6. Qg4 Nf6 7. Qxg7 Rg8 8. Qh6 Nbd7 9. g3 b6 10. Bg2 Bb7 11. Ne2 Qe7 12. Bb2 0-0-0 13. c4 Ng4 14. Qf4 Qf6 15. Qxf6 Ngxf6 16. a4 Kb8 17. a5 e3 18. Bxb7 exf2+ 19. Kxf2 Kxb7 20. axb6 axb6 21. Ra3 Ra8 22. Rha1 Rxa3 23. Rxa3 Ra8 24. h3 Rxa3 25. Bxa3 Ne4+ 26. Ke3 Nef6 27. Nc3 c5 28. dxc5 bxc5 29. Ne4 Kc6 30. Bb2 Nxe4 31. Kxe4 Kd6 32. g4 Nb6 33. Kd3 f5 34. gxf5 exf5 35. Bc3 Ke6 36. Bb2 Nd7 37. Ba3 Ne5+ 38. Kc3 Nd7 39. Kd3 Ke5 40. Ke3 f4+ 41. Kf3 Kf5 42. Kf2 Ke4 43. Ke2 h6 44. Kf2 f3 45. Bc1 h5 46. Be3 Ne5 47. Bxc5 Nxc4 48. Ba7 Nd6 49. Bc5 Nf7 50. Be7 Ne5 51. Bd6 Nc4 52. Bc5 Nb2 53. Bb6 Nd1+ 54. Ke1 Nc3 55. Kf2 Ne2 56. Be3 Ng3 57. Bb6 Nf5 1/2-1/2

[Event "Rhein Main op-B 15th"]
[White "Ranade, Kedar"]
[Black "Peschk, Kathrin"]
[Site "Bad Homburg"]
[Round "2"]
[Result "1-0"]
[Date "2012.06.07"]
[WhiteElo "1514"]
[BlackElo "950"]
[PlyCount "97"]
[EventDate "2012.06.06"]
[EventType "swiss"]
[EventRounds "7"]
[EventCountry "GER"]
[SourceTitle "EXT 2013"]
[Source "ChessBase"]
[SourceDate "2012.11.22"]
[SourceVersion "1"]
[SourceVersionDate "2012.11.22"]
[SourceQuality "1"]

1. e4 e5 2. Nf3 Nc6 3. Bc4 Bc5 4. d3 Nf6 5. Bg5 d6 6. h3 Be6 7. Bb3 0-0 8. 0-0 Nd4 9. Nxd4 Bxd4 10. c3 Bb6 11. Nd2 Qe7 12. Nf3 c6 13. Qd2 Bd8 14. Be3 Qc7 15. Nh2 Be7 16. f4 Rad8 17. f5 Bxb3 18. axb3 a6 19. Qf2 d5 20. Bb6 Qd6 21. Bxd8 Rxd8 22. Qe2 Nd7 23. Ng4 dxe4 24. dxe4 Nf6 25. Rad1 Qc5+ 26. Kh1 Rxd1 27. Nxf6+ Bxf6 28. Rxd1 Qb6 29. Qd3 h6 30. b4 c5 31. bxc5 Qxc5 32. Qd5 Qb6 33. b4 Qc7 34. Rd3 Qb6 35. Qc5 Qxc5 36. bxc5 Be7 37. Rd7 Bxc5 38. Rxb7 g6 39. fxg6 fxg6 40. Rb8+ Kg7 41. Ra8 Kf6 42. Rxa6+ Kg5 43. g3 Be3 44. Kg2 Kh5 45. Re6 Bg5 46. c4 Be3 47. Rxe5+ Bg5 48. Rxg5+ Kxg5 49. Kf3 1-0

[Event "Rhein Main op-B 15th"]
[White "Reinecke, Katharina"]
[Black "Ranade, Kedar"]
[Site "Bad Homburg"]
[Round "3"]
[Result "1/2-1/2"]
[Date "2012.06.07"]
[WhiteElo "1114"]
[BlackElo "1514"]
[PlyCount "56"]
[EventDate "2012.06.06"]
[EventType "swiss"]
[EventRounds "7"]
[EventCountry "GER"]
[SourceTitle "EXT 2013"]
[Source "ChessBase"]
[SourceDate "2012.11.22"]
[SourceVersion "1"]
[SourceVersionDate "2012.11.22"]
[SourceQuality "1"]

1. e4 e5 2. Nf3 Nc6 3. Bc4 Bc5 4. c3 d6 5. d3 h6 6. Nbd2 Nf6 7. 0-0 0-0 8. h3 Bd7 9. Bb3 a6 10. Re1 Re8 11. Nf1 Rb8 12. Ng3 b5 13. Nh4 Ne7 14. Qf3 Rf8 15. Nhf5 Nxf5 16. Nxf5 Nh7 17. Qg3 Bxf5 18. exf5 Qf6 19. Qg4 Kh8 20. Be3 Bxe3 21. fxe3 g6 22. fxg6 Qxg6 23. Qxg6 fxg6 24. Rf1 Kg7 25. Rxf8 Rxf8 26. Rf1 Rf6 27. Bd5 a5 28. Rxf6 Nxf6 1/2-1/2